Sciences et communication : Cours accéléré de Francais pour Vietnamiens : Deuxième partie /

Uloženo v:
Podrobná bibliografie
Hlavní autor: Nguyen Dang Bao
Další autoři: Thierry, Lebeaupin
Médium: Sách giấy
Vydáno: Hà Nội : Bộ Giáo dục và Đào tạo , 1989
Tagy: Přidat tag
Žádné tagy, Buďte první, kdo otaguje tento záznam!
Thư viện lưu trữ: Thư viện Trường Đại học Đà Lạt
LEADER 00683nam a2200253 4500
001 DLU020018216
005 ##7/2/2001
020 # # |a 978- 
041 # # |f re 
082 # # |a 448  |b NG-B 
100 # # |a Nguyen Dang Bao 
245 # # |a Sciences et communication :  |b Cours accéléré de Francais pour Vietnamiens :  |p Deuxième partie /  |c Nguyen Dang Bao, Lebeaupin Thierry 
260 # # |a Hà Nội :  |b Bộ Giáo dục và Đào tạo ,  |c 1989 
300 # # |a 359 tr.;   |c 21 cm. 
700 # # |a Thierry, Lebeaupin 
992 # # |a 0 
994 # # |a DLU 
900 # # |a False 
911 # # |a Administrator 
925 # # |a G 
926 # # |a A 
927 # # |a SH 
980 # # |a Thư viện Trường Đại học Đà Lạt